LEADER 01508nam a2200301 i 4500 001 000000251591 003 CaOOAMICUS 005 20161122000000.0 008 161122s1838 it u000 u ita u 013 $a230496 040 $aSeMil$bita 245 10$aTomo 4. 300 $a1243 p. 500 $aLegate insieme le p. finali del tomo 3. 773 0 $aPothier, Robert Joseph <1699-1772>$tOpere di G. R. Pothier contenenti i trattati del diritto francese.$dLivorno : Tipografia Vignozzi, 1835-1841.$b1. ed. italiana eseguita su quella pubblicata a Parigi da Dupin Seniore con l'aggiunta d'una dissertazione sulla vita e sulle opere ...$g4$w()5597 850 $aSeMil 852 $aSeMil$W1$xVenegono$y1$m3M IV 26 FA$j201937$B201937$CSeMilBibl$Z2$F214344 $8I 852 $aSeMil$W1$xVenegono$y1$m3M IV 30 FA$j201939$B201939$CSeMilBibl$Z2$F214348 $8I 852 $aSeMil$W1$xVenegono$y1$m3M IV 31 FA$j201940$B201940$CSeMilBibl$Z2$F214349 $8I 852 $aSeMil$W1$xVenegono$y1$m3M IV 27 FA$j201944$B201944$CSeMilBibl$Z2$F214345 $8I 852 $aSeMil$W1$xVenegono$y1$m3M IV 28 FA$j201945$B201945$CSeMilBibl$Z2$F214346 $8I 852 $aSeMil$W1$xVenegono$y1$m3M IV 29 FA$j201947$B201947$CSeMilBibl$Z2$F214347 $8I 961 $acontinuazione del tomo 4 961 $acontinuazione del tomo 4 961 $acontinuazione del tomo 4 961 $acontinuazione del tomo 4 961 $acontinuazione del tomo 4 996 $6245$aTomo 4$9(OLS)http://semarc/title/136909 LEADER 00795nam a2200181 i 4500 001 000000098793 003 CaOOAMICUS 005 20130923000000.0 008 130923s1911 xx u000 u ger u 013 $a70945 040 $aSeMil$bita 245 10$a1. Teil: Untersuchungen. 1. Abteilung: Die Textzeugen. 250 $a2., unveränderte Aufl. 300 $aXVI, 704 p. 773 0 $aSoden, Hermann : von <1852-1914>$tSchriften des Neuen Testaments in ihrer ältesten erreichbaren Textgestalt hergestellt auf Grund ihrer Textgeschichte.$dBerlin : Vandenhoeck & Ruprecht, 1902-1913.$g1$w()16448 850 $aSeMil 852 $aSeMil$W1$xVenegono$y1$m2W VII 1$j56515$B56515$CSeMilBibl$Z2$F66304 $81 996 $6245$a1. Teil: Untersuchungen. 1. Abteilung: Die Textzeugen$9(OLS)http://semarc/title/146561